Statistiques concernant Les 100 plus gros succés au box office dans le monde

Cliquez ici pour prendre le quiz!

Statistiques générales

  • Ce quiz a été pris 150 fois
  • Le résultat moyen est 23 sur 100

Statistiques - réponses

RecetteFilm% Correct
1 844 989 440 $Titanic
85%
2 731 068 853 $Avatar
83%
1 518 812 988 $Avengers
63%
2 034 291 216 $Avengers: Infinity War
47%
2 068 223 624 $Star Wars: Le Réveil de la Force
46%
1 405 403 694 $Avengers : L'ère d'Ultron
45%
975 766 843 $Harry Potter à l'école des sorciers
45%
892 209 766 $Harry Potter et la coupe de feu
43%
789 622 212 $Harry Potter et le prisonnier d'Azkaban
43%
821 708 551 $Spider-Man
43%
876 688 482 $Harry Potter et la chambre des secrets
42%
933 956 980 $Harry Potter et le Prince de sang-mêlé
42%
966 967 681 $Harry Potter et les reliques de la mort - partie 1
41%
1 328 111 219 $Harry Potter et les reliques de la mort - partie 2
41%
938 449 111 $Harry Potter et l'Ordre du Phénix
41%
1 214 811 252 $Iron Man 3
41%
1 326 294 808 $Star Wars: Les derniers Jedi
41%
783 558 409 $Spider-Man 2
38%
890 871 626 $Spider-Man 3
38%
914 667 947 $Jurassic Park
37%
880 166 924 $Spider-Man: Homecoming
36%
1 001 892 528 $The Dark Knight
36%
716 997 037 $ET L'Extra-terrestre
35%
924 294 701 $La Menace fantôme
35%
849 989 583 $La Revanche des Sith
35%
757 930 663 $The Amazing Spider-Man
35%
1 276 480 335 $La Reine des neiges
34%
1 084 939 099 $The Dark Knight Rises
34%
1 671 713 208 $Jurassic World
33%
1 055 930 278 $Rogue One: A Star Wars Story
33%
923 944 448 $Le Seigneur des anneaux: Les Deux tours
31%
853 770 092 $Thor : Ragnarok
31%
1 152 683 117 $Captain America: Civil War
30%
869 956 308 $Le Seigneur des anneaux: La Communauté de l'anneau
30%
1 118 879 151 $Le Seigneur des anneaux: Le Retour du roi
30%
872 662 631 $Batman v Superman : L’Aube de la Justice
29%
1 346 280 893 $Black Panther
28%
714 264 267 $Captain America, le soldat de l'hiver
28%
763 455 561 $Le Roi lion
28%
1 514 071 801 $Fast & Furious 7
27%
1 235 761 498 $Fast & Furious 8
27%
1 063 143 492 $Toy Story 3
23%
823 567 783 $Inception
22%
1 276 456 475 $Jurassic World: Fallen Kingdom
22%
960 980 219 $Pirates des Caraïbes, jusqu'au bout du monde
22%
1 043 871 802 $Pirates des Caraïbes : la Fontaine de Jouvence
22%
794 861 794 $Pirates des Caraïbes : La Vengeance de Salazar
22%
865 011 746 $Hunger Games - L'embrasement
20%
1 263 521 126 $La Belle et la Bête
20%
1 066 135 244 $Pirates des Caraïbes, le secret du coffre maudit
20%
821 847 012 $Wonder Woman
20%
755 356 711 $Hunger Games - La Révolte : Partie 1
19%
773 299 964 $Les Gardiens de la Galaxie
19%
864 744 808 $Le Monde de Nemo
18%
1 108 561 013 $Skyfall
18%
782 612 155 $Deadpool
16%
786 546 028 $Indiana Jones et le Royaume du crane de cristal
16%
863 755 804 $Les Gardiens de la Galaxie 2
16%
747 862 775 $X-Men: Days of Future Past
16%
1 021 103 568 $Le Hobbit : un voyage inattendu
15%
1 088 371 988 $Les Indestructibles 2
15%
733 929 600 $Deadpool 2
14%
255 108 370 $Le Hobbit : la Bataille des Cinq Armées
14%
958 366 855 $Le Hobbit : la Désolation de Smaug
14%
794 618 774 $Coco
13%
1 028 389 327 $Le Monde de Dory
13%
950 515 480 $Jumanji : Bienvenue dans la jungle
11%
857 611 174 $Vice Versa
11%
744 782 845 $Le Monde de Narnia
10%
738 576 929 $Matrix Reloaded
10%
920 665 658 $Shrek 2
10%
723 192 705 $Gravity
9%
731 318 043 $Là-haut
9%
965 601 123 $Le Livre de la jungle
9%
809 737 575 $Les Animaux fantastiques
9%
1 159 398 397 $Les Minions
9%
796 944 883 $Shrek Le Troisième
9%
880 674 175 $Spectre
9%
744 700 054 $Suicide Squad
9%
1 123 746 996 $Transformers 3 - La Face cachée de la Lune
9%
1 104 054 072 $Transformers : l'âge de l'extinction
9%
829 746 820 $Twilight - Chapitre 5 : Révélation 2e partie
9%
1 023 227 498 $Zootopie
9%
970 766 005 $Moi, moche et méchant 2
8%
1 034 799 409 $Moi, Moche et Méchant 3
8%
752 236 067 $Shrek 4, il était une fin
8%
836 262 047 $Transformers: La Revanche
7%
1 024 270 976 $Alice au Pays des Merveilles
6%
877 244 782 $L'Âge de glace: La dérive des continents
6%
746 896 525 $Madagascar 3
6%
769 679 077 $2012
5%
744 229 437 $Monstres Academy
5%
816 969 268 $Independence Day
4%
886 686 280 $L'Age de glace 3 - Le Temps des dinosaures
4%
710 644 566 $La Planète des singes : l'affrontement
4%
758 539 785 $Maléfique
4%
874 484 330 $Comme des bêtes
3%
758 239 851 $Da Vinci code
3%
788 679 850 $Fast & Furious 6
3%
870 325 439 $Wolf Warrior 2
1%

Distribution des résultats

Percentile par nombre de réponses

% des personnes avec chaque résultat

Votre développement - résultats

Vous n’avez pas pris ce quiz